000 00863nam a2200241 a 4500
001 000011539
005 20200929162502.0
008 950411s1994 ck a b 000 0 spa
020 _z9586015240
040 _aDO-SdBNP
_bspa
_cBNPHU
082 _axxxx
_bxxxx
100 1 _aJaramillo, Carlos Felipe.
_927291
245 1 0 _aApertura, crisis y recuperacion :
_bla agricultura colombiana entre 1990 y 1994 /
_cCarlos Felipe Jaramillo ; prólogo Roberto Junguito.
260 _aBogota :
_bFONADE :
_bTM Editores,
_c1994.
300 _axvii, 253 p. :
_bill. ;
_c21 cm.
490 1 _aEconomia agraria
490 1 _aAcadémica
504 _aIncluye referencias bibliográficas y notas al pie de las páginas
504 _aBibliografía : p. 245-253
700 1 _aJunguito, Roberto,
_epról.
_927292
830 0 _aEconomia agraria
_927293
830 0 _aAcadémica
_927294
999 _c11234
_d11234